<?xml version="1.0" encoding="UTF-8"?>
<record
    xmlns:xsi="http://www.w3.org/2001/XMLSchema-instance"
    xsi:schemaLocation="http://www.loc.gov/MARC21/slim http://www.loc.gov/standards/marcxml/schema/MARC21slim.xsd"
    xmlns="http://www.loc.gov/MARC21/slim">

  <leader>00517nam a22001577a 4500</leader>
  <controlfield tag="003">LK-CoDNM</controlfield>
  <controlfield tag="005">20240924122638.0</controlfield>
  <controlfield tag="008">240924b        |||||||| |||| 00| 0 eng d</controlfield>
  <datafield tag="040" ind1=" " ind2=" ">
    <subfield code="a">LK-CoDNM</subfield>
    <subfield code="d">LK-CoDNM</subfield>
    <subfield code="e">LK-CoDNM</subfield>
  </datafield>
  <datafield tag="041" ind1=" " ind2=" ">
    <subfield code="a">sin</subfield>
  </datafield>
  <datafield tag="100" ind1=" " ind2=" ">
    <subfield code="a">&#xDA9;&#xDD3;.&#xD86;&#xDBB;&#xDCA;.&#xDB8;&#xDD0;&#xDB1;&#xDCA;&#xDAF;&#xDD2;&#xDC3;&#xDCA; </subfield>
  </datafield>
  <datafield tag="245" ind1=" " ind2=" ">
    <subfield code="a">&#xD85;&#xDB4;&#xD9C;&#xDDA; &#xDAF;&#xDB9;&#xDAF;&#xDD2;&#xDC0; &#xDC0;&#xDB1;&#xDCA;&#xDAF;&#xDB1;&#xDCF; &#xDB8;&#xDCF;&#xDBB;&#xDCA;&#x200D;&#xD9C;&#xDBA; </subfield>
  </datafield>
  <datafield tag="260" ind1=" " ind2=" ">
    <subfield code="a">&#xDC0;&#xDD2;&#xDA2;&#xDDA;&#xDB4;&#xDCF;&#xDBD; &#xDB8;&#xDD4;&#xDAF;&#xDCA;&#x200D;&#xDBB;&#xDAB;&#xDCF;&#xDBD;&#xDBA; </subfield>
    <subfield code="b">&#xDB6;&#xDBD;&#xDB4;&#xDD2;&#xDA7;&#xDD2;&#xDBA; </subfield>
    <subfield code="c">1959</subfield>
  </datafield>
  <datafield tag="300" ind1=" " ind2=" ">
    <subfield code="a">60p ; 18cm</subfield>
  </datafield>
  <datafield tag="942" ind1=" " ind2=" ">
    <subfield code="c">BK</subfield>
  </datafield>
  <datafield tag="952" ind1=" " ind2=" ">
    <subfield code="0">0</subfield>
    <subfield code="1">0</subfield>
    <subfield code="4">1</subfield>
    <subfield code="7">0</subfield>
    <subfield code="8">OBC</subfield>
    <subfield code="a">MAIN</subfield>
    <subfield code="b">MAIN</subfield>
    <subfield code="c">REF</subfield>
    <subfield code="d">2024-09-24</subfield>
    <subfield code="l">0</subfield>
    <subfield code="p">OB8696-4</subfield>
    <subfield code="r">2024-09-24</subfield>
    <subfield code="w">2024-09-24</subfield>
    <subfield code="y">BK</subfield>
  </datafield>
  <datafield tag="999" ind1=" " ind2=" ">
    <subfield code="c">152589</subfield>
    <subfield code="d">152589</subfield>
  </datafield>
</record>
